Statistics for Why'd You Only Call Me When You're High - Arctic Monkeys

Click here to take the quiz!

General Stats

  • This quiz has been taken 296 times
    (267 since last reset)
  • The average score is 181 of 230

Answer Stats

Answer% Correct
i
98%
me
97%
you
97%
a
96%
your
96%
when
95%
hi
94%
call
94%
only
94%
the
94%
high
93%
you're
93%
why'd
93%
i'm
93%
it's
92%
my
88%
an
87%
in
86%
to
86%
and
86%
time
85%
not
85%
image
85%
but
84%
tells
84%
mirror's
84%
side
83%
morning
83%
by
82%
three
81%
message
81%
mind
81%
trying
81%
finished
80%
change
80%
home
79%
left
78%
now
78%
multiple
77%
reply
77%
calls
77%
missed
76%
as
74%
cause
74%
shoes
73%
leavin
72%
of
72%
saw
70%
carrying
68%
be
64%
out
64%
was
63%
get
63%
need
63%
listen
62%
into
62%
thought
62%
have
62%
partner
60%
arrived
60%
night
60%
bumping
60%
dreaming
60%
tonight
59%
bad
59%
ideas
59%
making
58%
decisions
58%
are
58%
harder
58%
through
57%
baby
57%
same
57%
darker
56%
see
56%
just
56%
early
56%
up
55%
having
55%
talking
55%
alright
54%
that
54%
ever
54%
incapable
53%
somewhere
53%
gears
52%
said
51%
decided
50%
starting
50%
shite
50%
find
49%
running
49%
well
49%
gotta
47%
bore
47%
gonna
47%
hoping
45%
once
44%
again
44%
what
43%
found
43%
like
43%
haven't
42%
can't
41%
feels
39%
sort
39%
more
37%
where
37%
wonder
35%
here
30%
might
14%

Score Distribution

Percentile by Number Answered

Percent of People with Each Score

Your Score History

You have not taken this quiz since the last reset